A Ilha do Tesouro (Registo nº 6005)
[ vista simples ]
| 000 -Etiqueta do registo | |
|---|---|
| Valores | 00745nam a2200253 4500 |
| 010 ## - Número ISBN | |
| ISBN | 9720714719 |
| 021 ## - Número do Depósito Legal | |
| Número | 224433/05 |
| 100 ## - Dados gerais de processamento | |
| Dados gerais | 20211231e2004 b||y0pory5003 ba |
| 200 1# - Titulo e menção de responsabilidade | |
| Título próprio | A Ilha do Tesouro |
| Primeira menção de responsabilidade | Brian Robertson |
| Outras menções de responsabilidade | il. Melanie Herbert, Chris King |
| 210 #9 - Publicação | |
| Local de publicação | Porto |
| Nome do editor | Porto Editora |
| Data de publicação | 2005 |
| 215 ## - Descrição física | |
| Paginação / Volumes | [12] p. |
| Outras indicações físicas | il. |
| 225 2# - Colecção | |
| Título próprio da colecção | Maxi brilhos |
| 304 ## - Nota relativa ao título | |
| Texto de nota | Tít. orig.: Sparkly treasure island |
| 606 ## - Nome comum usado como assunto | |
| ID Autoridade | 14 |
| Palavra de ordem | Literatura infantil |
| 606 ## - Nome comum usado como assunto | |
| ID Autoridade | 13 |
| Palavra de ordem | Literatura Estrangeira |
| 675 ## - CDU | |
| Notação | 82-93 / 821.1/.8 |
| Edição | BN |
| Língua | por |
| 700 ## - Autor principal (pessoa individual) | |
| Apelido | Robertson |
| Nome | Brian |
| ID Autoridade | 5685 |
| 702 ## - Autor secundário (pessoa individual) | |
| Apelido | King |
| Nome | Chris |
| Datas | 1972- |
| ID Autoridade | 5686 |
| 702 ## - Autor secundário (pessoa individual) | |
| Apelido | Herbert |
| Nome | Melanie |
| ID Autoridade | 5687 |
| 801 #0 - Fonte de origem | |
| País | PT |
| Agência | BMVN |
| Regras de catalogação | RPC |
| 830 ## - Notas gerais do catalogador | |
| Criado por | Inês Silva |
| Data de criação | 31/12/2021 |
| 990 ## - Elementos KOHA | |
| Tipo de documento | Livro |
| Situação do levantamento | Biblioteca de origem | Código de barras | Cota | Permissão de empréstimo | Tipo de documento | Forma de aquisição |
|---|---|---|---|---|---|---|
| Biblioteca Municipal de Vendas Novas | 100000010559 | LI EST/ROB | Livro |